000 01659nam a22002417a 4500
005 2012011800370.0
010 _aB-445522-526
020 _a9788125032328
_c750.00
037 _adpl
_bAllied Pub/Ven
082 _a394.50954
100 _aTyagi, Jaya
_940618
245 _aEngendering the early household :
_bbrahmanical precepts in the early grhyasutras, middle of the first millenium B.C.E.
_cby Jaya Tyagi /
260 _aHyderabad
_bOrient Longman
_c2008
270 _a3-6-752 Himayatnagar
_bHyderabad
_e500029 (A.P.)
300 _a377p.
_c22cm(Hb)
942 _2ddc
_cEN
_mTYA
_h394.50954
999 _c61114
_d61114